[Event "AUTO-OPEN-2201"]
[Site "http://www.queenalice.com/game.php?id=986252"]
[Date "2011.9.17"]
[Round "2"]
[White "linoprof"]
[Black "niclep"]
[Result "1-0"]
[WhiteElo "2057"]
[BlackElo "2059"]

1. e4 e5 2. Nf3 d6 3. Nc3 c6 4. d4 Nd7 5. Bc4 h6 6. O-O Ngf6 7. a4 Be7 8. a5 O-O
9. Re1 Nh7 10. d5 cxd5 11. Nxd5 Ndf6 12. Nxe7+ Qxe7 13. b3 Be6 14. Bb5 a6 15.
Bf1 Rac8 16. Ba3 Rfd8 17. Nxe5 Bxb3 18. cxb3 Qxe5 19. Bb4 Ng5 20. f3 Ne6 21. Bc4
Rd7 22. Ra2 Nc5 23. Rc2 Re8 24. Bc3 Qe7 25. Qa1 Rc7 26. Bxf6 gxf6 27. Qc1 Kh7
28. Bd5 Rd7 29. Qd2 Ne6 30. b4 Rg8 31. f4 Nc7 32. Bxb7 Rb8 33. Bc6 Rdd8 34. Rc4
Qe6 35. Qc3 Ne8 36. Bd5 Qe7 37. Rc6 Nc7 38. Rxc7 Qxc7 39. Qxc7 Rxb4 40. Qxf7+
Kh8 41. Qxf6+ Kh7 42. Qe7+ Kg6 43. Qf7# 1-0

[Event "AUTO-OPEN-2201"]
[Site "http://www.queenalice.com/game.php?id=986253"]
[Date "2011.9.17"]
[Round "2"]
[White "niclep"]
[Black "linoprof"]
[Result "0-1"]
[WhiteElo "2077"]
[BlackElo "2039"]

1. e4 e5 2. Nf3 Nc6 3. Bc4 Bc5 4. d3 Nf6 5. c3 Bb6 6. b4 O-O 7. b5 Na5 8. Nxe5
d5 9. Bb3 Nxb3 10. Qxb3 Re8 11. d4 Nxe4 12. O-O a5 13. a4 Bf5 14. Nd2 f6 15.
Nef3 Nxd2 16. Bxd2 Be4 17. Qd1 Qd6 18. h3 c6 19. bxc6 Bc7 20. g3 Qxc6 21. Nh2
Qd7 22. g4 f5 23. f3 Bd3 24. Rf2 Ra6 25. Bc1 Bc4 26. f4 Rh6 27. Kg2 Rhe6 28. g5
Re1 29. Qf3 Qe6 30. Nf1 Be2 31. Qg3 Bxf1+ 32. Rxf1 Rxf1 33. Kxf1 Qe2+ 34. Kg1
Qd1+ 35. Kg2 Re2+ 36. Kf3 Qd3+ 37. Be3 Qxe3# 0-1

[Event "AUTO-MASTER-1582"]
[Site "http://www.queenalice.com/game.php?id=1026462"]
[Date "2012.2.5"]
[Round "1"]
[White "linoprof"]
[Black "Buuuu"]
[Result "1-0"]
[WhiteElo "2058"]
[BlackElo "2128"]

1. e4 e6 2. Nf3 d5 3. e5 c5 4. Be2 Nc6 5. c3 Bd7 6. O-O Nge7 7. d4 Nf5 8. dxc5
Bxc5 9. b4 Bb6 10. a4 a5 11. b5 Nce7 12. Ra2 Rc8 13. Bd3 h6 14. g4 g5 15. gxf5
exf5 16. Nd4 f4 17. Ba3 g4 18. Qd2 f3 19. Qf4 Ng6 20. Bxg6 fxg6 21. e6 Bxe6 22.
Nxe6 Qh4 23. Ng7+ Kd7 24. Qd6# 1-0

[Event "AUTO-MASTER-1582"]
[Site "http://www.queenalice.com/game.php?id=1026463"]
[Date "2012.2.5"]
[Round "1"]
[White "Buuuu"]
[Black "linoprof"]
[Result "0-1"]
[WhiteElo "2133"]
[BlackElo "2077"]

1. e4 e5 2. Nf3 Nc6 3. Bb5 a6 4. Ba4 Bc5 5. c3 b5 6. Bc2 Qf6 7. d3 b4 8. O-O
bxc3 9. bxc3 Nge7 10. Bg5 Qg6 11. d4 exd4 12. cxd4 Nxd4 13. Bxe7 Nxf3+ 14. Qxf3
Kxe7 15. Nc3 Kd8 16. Rac1 Rb8 17. e5 Qh6 18. Ne4 Bd4 19. Qg3 f6 20. exf6 gxf6
21. Bb3 Be5 22. f4 Bd4+ 23. Kh1 Re8 24. Qd3 Bb6 25. Rc6 Qg6 26. f5 Qg7 27. Nxf6
Re3 28. Qxe3 Bxe3 29. Re1 dxc6 0-1

[Event "AUTO-MASTER-1582"]
[Site "http://www.queenalice.com/game.php?id=1026464"]
[Date "2012.2.5"]
[Round "1"]
[White "linoprof"]
[Black "leclair"]
[Result "1/2-1/2"]
[WhiteElo "2095"]
[BlackElo "2103"]

1. e4 c5 2. Nf3 d6 3. d4 cxd4 4. Nxd4 Nf6 5. Nc3 g6 6. Be2 Bg7 7. O-O Nc6 8. Be3
a6 9. Nd5 Nxe4 10. Nxc6 bxc6 11. Bb6 Qd7 12. Nc7+ Kf8 13. Nxa8 Qb7 14. Bd4 Qxa8
15. Re1 Nf6 16. Bf3 Bb7 17. b4 e5 18. Bb2 Qb8 19. c4 Ne8 20. a3 f5 21. Qd2 e4
22. Rad1 Bxb2 23. Qxb2 Rg8 24. Be2 g5 25. f3 e3 26. c5 d5 27. Bd3 f4 28. Bxh7
Rg7 29. Bf5 Bc8 30. Bxc8 Qxc8 31. Qe5 Qd7 32. Re2 Qe7 33. Qf5+ Rf7 34. Qc8 Qd7
35. Qxa6 g4 36. Rf1 d4 37. Qd3 g3 38. h3 Qd5 39. Rd1 Rd7 40. a4 Nc7 41. a5 Na6
42. Qxa6 d3 43. Ree1 e2 44. Rd2 Qd4+ 45. Kh1 Qf2 46. Rdd1 Qe3 47. Qxc6 exd1=Q
48. Qf6+ Kg8 49. Rxd1 d2 50. Qg6+ Kh8 51. Qh6+ Kg8 52. Qg5+ 1/2-1/2

[Event "AUTO-MASTER-1582"]
[Site "http://www.queenalice.com/game.php?id=1026465"]
[Date "2012.2.5"]
[Round "1"]
[White "leclair"]
[Black "linoprof"]
[Result "1/2-1/2"]
[WhiteElo "2095"]
[BlackElo "2095"]

1. e4 e5 2. Nc3 Nf6 3. Bc4 Bb4 4. Nf3 Nc6 5. d3 O-O 6. O-O Bxc3 7. bxc3 d5 8.
exd5 Nxd5 9. h3 Nxc3 10. Qe1 Nd4 11. Qxe5 Nxf3+ 12. gxf3 Qf6 13. Qxf6 gxf6 14.
Bb2 Ne2+ 15. Kh2 Re8 16. Rg1+ Nxg1 17. Rxg1+ Kf8 18. Ba3+ Re7 19. Re1 Be6 20.
Bxe6 fxe6 21. Rxe6 Re8 22. Rxf6+ Kg7 23. Bxe7 Rxe7 24. Rf4 Re2 25. Rc4 c6 26.
Kg3 a6 27. f4 Re1 28. Re4 Rg1+ 29. Kf3 Kf6 30. a4 Rh1 31. Kg2 Ra1 32. Rb4 b5 33.
axb5 axb5 34. c4 Ra4 35. Rb3 bxc4 36. dxc4 Rxc4 37. Kf3 Kf5 38. Ra3 Rxf4+ 39.
Kg3 Rc4 40. Ra8 Rc3+ 41. Kg2 c5 42. Rc8 h5 43. Rf8+ Kg5 44. Rg8+ Kh4 45. Rg7
Rxh3 46. Rc7 Rc3 47. Rc8 Kg4 48. Rg8+ Kf5 49. Rf8+ Kg5 50. Rg8+ Kf6 51. Rf8+ Kg7
52. Rf5 Kg6 53. Rf8 c4 1/2-1/2

[Event "AUTO-MASTER-1582"]
[Site "http://www.queenalice.com/game.php?id=1026466"]
[Date "2012.2.5"]
[Round "1"]
[White "linoprof"]
[Black "Newcobos"]
[Result "0-1"]
[WhiteElo "2078"]
[BlackElo "2083"]

1. e4 c5 2. Nf3 Nc6 3. Nc3 d6 4. d4 cxd4 5. Nxd4 Nf6 6. Bb5 Bd7 7. Be3 a6 8. Be2
g6 9. O-O Bg7 10. Nd5 O-O 11. Nxf6+ Bxf6 12. c3 Bg7 13. Rc1 Rc8 14. Qb3 Na5 15.
Qb4 b5 16. b3 Nc6 17. Qa3 Nxd4 18. cxd4 Qb6 19. Qb4 Qb7 0-1

[Event "AUTO-MASTER-1582"]
[Site "http://www.queenalice.com/game.php?id=1026467"]
[Date "2012.2.5"]
[Round "1"]
[White "Newcobos"]
[Black "linoprof"]
[Result "1-0"]
[WhiteElo "2066"]
[BlackElo "2095"]

1. e4 e5 2. Nf3 Nc6 3. Bb5 a6 4. Ba4 Nf6 5. O-O b5 6. Bb3 d6 7. h3 Na5 8. Re1
Be7 9. c3 Nxb3 10. axb3 c5 11. d3 O-O 12. Be3 Nd7 13. Nbd2 Bb7 14. Nf1 f5 15.
exf5 Rxf5 16. N1h2 Qe8 17. Nd2 Qg6 18. Qg4 Qxg4 19. Nxg4 1-0

[Event "OS INCLIVEIS"]
[Site "http://www.queenalice.com/game.php?id=1031225"]
[Date "2012.2.19"]
[Round "-"]
[White "adelio"]
[Black "linoprof"]
[Result "0-1"]
[WhiteElo "1644"]
[BlackElo "2095"]

1. d4 d5 2. e4 dxe4 3. Nc3 Nf6 4. d5 e6 5. dxe6 Qxd1+ 6. Nxd1 Bxe6 7. h3 Bb4+ 8.
c3 Bd6 9. g3 Nc6 10. b4 a5 11. b5 Ne5 12. Bg5 Nd5 13. c4 Nb4 14. Ne3 Bc5 15. Bf4
Ned3+ 16. Bxd3 Nxd3+ 17. Kf1 Bd4 18. Rd1 Bxe3 19. Bxe3 Bxc4 20. Kg2 Bxa2 21. Ne2
Bc4 22. Nc3 f5 23. g4 f4 24. Bd4 O-O 25. Nxe4 Bxb5 26. f3 Rfd8 27. Bc3 c5 28.
Nf2 a4 29. Ne4 a3 30. Ng5 Bc4 31. h4 b5 32. h5 b4 33. Be1 a2 34. Bh4 Rdb8 35.
Ne4 b3 36. Nd6 b2 37. Nxc4 b1=Q 38. Nd2 Qc2 39. Kh3 a1=Q 40. Rxa1 Qxd2 41. Rad1
Nf2+ 42. Bxf2 Qxf2 43. Rdg1 Qxf3+ 44. Kh2 Ra2+ 45. Rg2 Qxg2# 0-1

[Event "AUTO-MASTER-1597"]
[Site "http://www.queenalice.com/game.php?id=1033264"]
[Date "2012.2.26"]
[Round "1"]
[White "jpolgar99"]
[Black "linoprof"]
[Result "0-1"]
[WhiteElo "1941"]
[BlackElo "2097"]

1. e4 e5 2. Nf3 Nc6 3. Bb5 Nge7 4. O-O a6 5. Ba4 Ng6 6. d4 exd4 7. Nxd4 Bc5 8.
Be3 Nxd4 9. Bxd4 Bxd4 10. Qxd4 O-O 11. Nc3 d6 12. Rad1 b5 13. Bb3 c5 14. Qxd6
Qxd6 15. Bxf7+ Kxf7 16. Rxd6 Be6 17. f4 Bc4 18. Rf2 Ke7 19. e5 Rxf4 20. Rfd2
Rf1# 0-1

[Event "AUTO-MASTER-1597"]
[Site "http://www.queenalice.com/game.php?id=1033265"]
[Date "2012.2.26"]
[Round "1"]
[White "linoprof"]
[Black "jpolgar99"]
[Result "1-0"]
[WhiteElo "2095"]
[BlackElo "1912"]

1. e4 c6 2. Nf3 d5 3. exd5 cxd5 4. d4 Bf5 5. Bb5+ Nd7 6. Ne5 Nf6 7. Qf3 Be6 8.
c4 dxc4 9. Qxb7 Rb8 10. Qa6 Qb6 11. Qxb6 axb6 12. Nc3 g6 13. d5 Bf5 14. Nxc4 Bg7
15. Bf4 Rc8 16. Nxb6 O-O 17. Nxc8 Rxc8 18. Rd1 Nh5 19. Bg5 Bxc3+ 20. bxc3 Rxc3
21. Bxe7 Rc2 22. a3 Nf4 23. O-O Nb6 24. d6 Bd7 25. Rb1 Nfd5 26. Bxd7 Nxd7 27.
Rb7 N5b6 28. Bd8 Rb2 29. Bxb6 Rxb6 30. Rxd7 Kg7 31. Rd8 Kf6 32. Rd1 Ke6 33. Re8+
Kd7 34. Re7+ Kd8 35. Rxf7 1-0

[Event "AUTO-MASTER-1597"]
[Site "http://www.queenalice.com/game.php?id=1033280"]
[Date "2012.2.26"]
[Round "1"]
[White "linoprof"]
[Black "Joseilton"]
[Result "0-1"]
[WhiteElo "2105"]
[BlackElo "2213"]

1. e4 c5 2. Bc4 Nf6 3. Nc3 e6 4. Nf3 d5 5. exd5 exd5 6. Bb5+ Bd7 7. O-O d4 8.
Bxd7+ Nbxd7 9. Re1+ Be7 10. Ne4 Nxe4 11. Rxe4 Nf6 12. Re1 O-O 13. d3 Re8 14. c3
dxc3 15. bxc3 b5 16. Bg5 h6 17. Bh4 a6 18. a4 b4 19. cxb4 cxb4 20. Rc1 Nd5 21.
Qb3 Bxh4 22. Rxe8+ Qxe8 23. Qxd5 Bf6 24. Qb3 a5 25. h3 Rc8 26. Rc4 Rxc4 27. dxc4
Qe2 28. g4 Bd8 29. c5 Qe4 30. Nd2 Qc6 31. Qd3 Be7 32. Qb5 Qxb5 33. axb5 Bxc5 34.
Kf1 a4 35. Ke2 Kf8 36. f3 Ke7 37. Kd1 b3 38. Nc4 Bb4 39. b6 Kd7 40. Kc1 a3 41.
h4 a2 42. Kb2 Bc3+ 43. Kxc3 a1=Q+ 44. Kxb3 Qd4 45. b7 Kc7 46. Na5 Qd3+ 47. Kb4
Qxf3 48. g5 Qe4+ 49. Kb5 h5 50. Ka6 Qd3+ 51. Ka7 Qb5 52. b8=B+ Qxb8+ 0-1

[Event "AUTO-MASTER-1597"]
[Site "http://www.queenalice.com/game.php?id=1033281"]
[Date "2012.2.26"]
[Round "1"]
[White "Joseilton"]
[Black "linoprof"]
[Result "1-0"]
[WhiteElo "2218"]
[BlackElo "2105"]

1. d4 d5 2. c4 Nf6 3. Nf3 dxc4 4. Nc3 c6 5. a4 Bd7 6. Ne5 Be6 7. e4 Qa5 8. Nxc4
Bxc4 9. Bxc4 Qb4 10. Qb3 e6 11. O-O Qxb3 12. Bxb3 Nbd7 13. Bf4 Bb4 14. Rfe1 O-O
15. a5 Rfc8 16. Bc4 Re8 17. Ra4 Bxc3 18. bxc3 e5 19. dxe5 Nxe5 20. Bf1 Ng6 21.
Bg5 Nd5 22. Bd2 Nf6 23. f3 b5 24. axb6 axb6 25. Rea1 Rxa4 26. Rxa4 b5 27. Ra6
Rd8 28. Be3 Rc8 29. Kf2 Nf8 30. c4 b4 31. Bc5 b3 32. Bxf8 Kxf8 33. Rb6 Ra8 34.
Rxb3 Nd7 35. Rb7 Ra2+ 36. Ke3 Ke7 37. f4 f6 38. h4 Kd6 39. e5+ fxe5 40. fxe5+
Nxe5 41. Rxg7 h6 42. Be2 Ra3+ 43. Kf4 Ra2 44. Bf3 Rc2 45. Rh7 Rxc4+ 46. Kg3 Nxf3
47. Rxh6+ Ke5 48. Kxf3 Rc3+ 49. Kg4 c5 50. Rc6 Rc2 51. g3 Kd5 52. Rc8 c4 53. h5
Rh2 54. Kg5 Kd4 55. h6 c3 56. g4 c2 57. Kg6 Kd3 58. h7 Kd2 59. Kg7 c1=Q 60. Rxc1
Kxc1 61. g5 Rg2 62. g6 Rh2 63. h8=Q Rxh8 64. Kxh8 Kd2 65. g7 Ke3 66. g8=Q Ke4
67. Qb3 Ke5 68. Qc4 Kf5 69. Kg7 Ke5 70. Kg6 Kd6 71. Kf6 Kd7 72. Qc5 Kd8 73. Ke6
1-0

[Event "AUTO-MASTER-1597"]
[Site "http://www.queenalice.com/game.php?id=1033282"]
[Date "2012.2.26"]
[Round "1"]
[White "linoprof"]
[Black "alainbouley"]
[Result "0-1"]
[WhiteElo "2117"]
[BlackElo "2117"]

1. e4 e5 2. Bc4 Nc6 3. Nf3 Nf6 4. Nc3 Bc5 5. d3 d6 6. Bg5 Be6 7. Nd5 Bxd5 8.
Bxd5 O-O 9. Bxc6 bxc6 10. c3 h6 11. Bh4 Rb8 12. b4 Bb6 13. Qc2 g5 14. Bg3 Nh5
15. a4 a5 16. bxa5 Bxa5 17. O-O Qd7 18. Nd2 Nxg3 19. fxg3 f5 20. Rxf5 Rxf5 21.
exf5 Qxf5 22. Rf1 Bb6+ 23. Kh1 Qe6 24. Ne4 Rf8 25. Rf3 Rxf3 26. gxf3 d5 27. Qb3
Kf7 28. Nd2 Qf5 29. c4 Be3 30. Qc3 d4 31. Qa5 Bxd2 32. Qxd2 Qxf3+ 33. Kg1 Ke7
34. c5 e4 35. dxe4 Qc3 36. Qd1 Qxc5 37. Kg2 Qc4 38. Kf2 Qc3 39. a5 Qe3+ 40. Kf1
Qxe4 41. Qe2 Qxe2+ 42. Kxe2 Kd7 43. Kd3 c5 44. Kc4 Kc6 45. h3 h5 46. g4 hxg4 47.
hxg4 Kb7 48. Kxc5 d3 49. Kd4 d2 50. Kd3 d1=Q+ 51. Ke4 Qxg4+ 52. Ke5 Ka6 53. Kf6
c5 54. Kg6 c4 55. Kh6 c3 56. Kg6 c2 57. Kh6 c1=Q 58. Kg6 Qc6+ 59. Kf7 Qgd7+ 60.
Kf8 Qcc8# 0-1

[Event "AUTO-MASTER-1597"]
[Site "http://www.queenalice.com/game.php?id=1033283"]
[Date "2012.2.26"]
[Round "1"]
[White "alainbouley"]
[Black "linoprof"]
[Result "0-1"]
[WhiteElo "2155"]
[BlackElo "2103"]

1. d4 d5 2. Nf3 Nf6 3. c4 dxc4 4. Nc3 c6 5. e4 b5 6. e5 Nd5 7. Be2 e6 8. O-O Be7
9. a4 O-O 10. axb5 Nxc3 11. bxc3 cxb5 12. Rb1 a6 13. Be3 Bd7 14. Nd2 Bc6 15. Qc2
f5 16. exf6 Bxf6 17. Ne4 Bd5 18. Bf3 Nc6 19. Rfd1 Be7 20. Qe2 Na5 21. Nd2 Bd6
22. g3 Qd7 23. Bg2 Bxg2 24. Kxg2 Nc6 25. Ne4 Be7 26. Qg4 Qd5 27. f3 Qf5 28. Nc5
Qxg4 29. fxg4 Bxc5 30. dxc5 Rfd8 31. Rd6 Rxd6 32. cxd6 Rd8 33. Bc5 Ne5 34. Rf1
h6 35. Rb1 Nd3 36. Ba3 Kf7 37. Rf1+ Ke8 38. h4 Rd7 39. Kf3 Rf7+ 40. Ke2 Rxf1 41.
Kxf1 a5 42. d7+ Kxd7 43. Bf8 Ke8 44. Bxg7 a4 45. Bxh6 a3 46. g5 a2 47. g6 a1=Q+
48. Kg2 Qa8+ 49. Kh2 Ne1 0-1

[Event "Challenge"]
[Site "http://www.queenalice.com/game.php?id=1090608"]
[Date "2012.8.5"]
[Round "-"]
[White "amarkin"]
[Black "linoprof"]
[Result "1/2-1/2"]
[WhiteElo "2541"]
[BlackElo "2155"]

1. e4 e5 2. f4 exf4 3. Nf3 g5 4. d4 g4 5. Ne5 Qh4+ 6. g3 fxg3 7. Qxg4 g2+ 8.
Qxh4 gxh1=Q 9. Nxf7 Kxf7 10. Qh5+ Kg7 11. Qg5+ Kf7 12. Qh5+ Kg7 13. Qg5+ Kf7 14.
Qh5+ Kg7 1/2-1/2

[Event "Challenge"]
[Site "http://www.queenalice.com/game.php?id=1090609"]
[Date "2012.8.5"]
[Round "-"]
[White "linoprof"]
[Black "amarkin"]
[Result "1-0"]
[WhiteElo "2166"]
[BlackElo "2514"]

1. e4 e5 2. Nf3 Nc6 3. d4 exd4 4. Nxd4 Nf6 5. Nxc6 bxc6 6. Bd3 d5 7. exd5 cxd5
8. O-O Be7 9. Bg5 O-O 10. Nd2 h6 11. Bf4 Bd6 12. Qf3 Bg4 13. Qg3 Nh5 14. Qxg4
Nxf4 15. Rfe1 h5 16. Qf3 Rb8 17. Nb3 Nxd3 18. cxd3 Qg5 19. d4 h4 20. Re2 Rfe8
21. Rae1 Rxe2 22. Qxe2 h3 23. g3 Qf5 24. f4 Qd7 25. Qa6 Bxf4 26. Nc5 Qg4 27. Qe2
1-0